MARC details
| 000 -CABECERA |
| campo de control de longitud fija |
02392nam a2200301 4500 |
| 003 - IDENTIFICADOR DEL NÚMERO DE CONTROL |
| campo de control |
EC-UNACH |
| 005 - FECHA Y HORA DE LA ÚLTIMA TRANSACCIÓN |
| campo de control |
20251106170331.0 |
| 006 - CÓDIGOS DE INFORMACIÓN DE LONGITUD FIJA--CARACTERÍSTICAS DEL MATERIAL ADICIONAL |
| campo de control de longitud fija |
s||||gr|||| 00| 00 |
| 008 - DATOS DE LONGITUD FIJA--INFORMACIÓN GENERAL |
| campo de control de longitud fija |
150116t9999 mx r gr 000 0 spa d |
| 020 ## - NÚMERO INTERNACIONAL ESTÁNDAR DEL LIBRO |
| Número Internacional Estándar del Libro |
9978-67-065-3 |
| 040 ## - FUENTE DE LA CATALOGACIÓN |
| Centro catalogador/agencia de origen |
EC-UNACH |
| Centro/agencia transcriptor |
EC-UNACH |
| 041 ## - CÓDIGO DE LENGUA |
| Código de lengua del texto/banda sonora o título independiente |
spa |
| 082 04 - NÚMERO DE LA CLASIFICACIÓN DECIMAL DEWEY |
| Número de edición |
23 |
| Número de clasificación |
005.3 |
| Número de documento/Ítem |
l017958 |
| 110 ## - ENTRADA PRINCIPAL--NOMBRE DE ENTIDAD CORPORATIVA |
| Nombre de entidad corporativa o nombre de jurisdicción como elemento de entrada |
Flacso |
| 245 ## - MENCIÓN DE TÍTULO |
| Título |
Internet y sociedad en América latina y el caribe |
| 250 ## - MENCIÓN DE EDICIÓN |
| Mención de edición |
Primera edición |
| 264 ## - Producción, publicación, distribución, fabricación y copyright |
| Lugar de producción, publicación, distribución, fabricación |
Ecuador |
| Nombre del de productor, editor, distribuidor, fabricante |
Flacso |
| Fecha de de producción, publicación, distribución, fabricación o copyright |
2001 |
| 300 ## - DESCRIPCIÓN FÍSICA |
| Extensión |
615 |
| 505 ## - NOTA DE CONTENIDO CON FORMATO |
| Nota de contenido con formato |
1. Investigación para sustentar el diálogo sobre el impacto de Internet en la sociedad latinoamericana y caribeña. 2. Internet, cultura y educación. 3. Náufragos y navegantes en territorios hipermediales: experiencias psicosociales y prácticas culturales en la apropiación del Internet en jóvenes escolares. 4. Aproximación etnográfica a la introducción de nuevas tecnologías de información y comunicación en dos escuelas rurales del centro sur de Chile. 5. Aprendiendo de los pioneros: una investigación de las mejores prácticas de la Red TELAR. 6. Impacto social del Internet en el espacio local. 7. Los impactos sociales de la incorporación de las TIC en los gobiernos locales y en los servicios a los ciudadanos. Los casos de Buenos Aires y Montevideo. 8. Impacto social de las tecnologías de información y comunicación en el espacio local. 9. Internet y gestión local: Hacia la creación del habitus en el ciudadano. 10. ¿Cómo medir el impacto cualitativa y cuantitativamente? 11. Internet, derecho y sociedad. 12. Impacto de las nuevas tecnología de comunicación e información sobre los derechos de intimidad y privacidad. 13. Internet y derechos de autor. 14. Políticas públicas para el Internet a inicios del tercer milenio. 15. Internet y políticas públicas socialmente relevantes: ¿Por qué, cómo y en qué incidir? 16. La búsqueda colectiva de un impacto positivo de Internet. Conclusión general: Hacia la sinergía entre la investigación del impacto social de las TIC y la acción política para la construcción de un desarrollo equitativo |
| 650 ## - PUNTO DE ACCESO ADICIONAL DE MATERIA--TÉRMINO DE MATERIA |
| Término de materia o nombre geográfico como elemento inicial |
SOCIEDAD |
| 650 ## - PUNTO DE ACCESO ADICIONAL DE MATERIA--TÉRMINO DE MATERIA |
| Término de materia o nombre geográfico como elemento inicial |
AMERICA LATINA |
| 650 ## - PUNTO DE ACCESO ADICIONAL DE MATERIA--TÉRMINO DE MATERIA |
| Término de materia o nombre geográfico como elemento inicial |
LA RED EN ESCENARIO DE LA ESCUELA |
| 700 ## - PUNTO DE ACCESO ADICIONAL--NOMBRE DE PERSONA |
| Nombre de persona |
Marcelo Bonilla y Gilles Cliche |
| 942 ## - ELEMENTOS DE PUNTO DE ACCESO ADICIONAL (KOHA) |
| Fuente del sistema de clasificación o colocación |
Clasificación Decimal Dewey |
| Tipo de ítem Koha |
Libros |
| 999 ## - NÚMEROS DE CONTROL DE SISTEMA (KOHA) |
| Koha biblionumber |
14153 |